10 anys de desenvolupament humà : estudi comparatiu / [Joan Renter Ranz] estudi comparatiu / [Joan Renter Ranz]
ISBN:
84-923451-7-9
Descripción Física:
113 p. : il., gràfics, taules ; 24 cm
MARC
| LEADER | 00000nam a2200000Ia 4500 | ||
|---|---|---|---|
| 001 | 16070 | ||
| 003 | BGR | ||
| 005 | 20260324175309.0 | ||
| 008 | 160829s9999 xx 000 0 cat d | ||
| 020 | |a 84-923451-7-9 | ||
| 080 | |a M-5-3 | ||
| 100 | |a Renter Ranz, Joan |9 1550 | ||
| 245 | 0 | 0 | |a 10 anys de desenvolupament humà : |b estudi comparatiu / [Joan Renter Ranz] |
| 246 | 0 | 0 | |a Deu anys de desenvolupament humà |
| 260 | |a Barcelona : |b Associació per a les Nacions Unides a Espanya, DL 2001 | ||
| 300 | |a 113 p. : |b il., gràfics, taules ; |c 24 cm | ||
| 590 | |a Resum en castellà i abstract anglès. | ||
| 590 | |a Bibliografia. | ||
| 590 | |a Apèndix estadístic | ||
| 650 | 0 | |a Pobresa |9 25417 | |
| 650 | |a Països en vies de desenvolupament |x Condicions socials |9 25418 | ||
| 650 | 0 | |a Desenvolupament económic |9 28523 | |
| 710 | 1 | |a Associació per a les Nacions Unides a Espanya |9 70449 | |
| 901 | |a Arxiu | ||
| 942 | |n 1 |2 udc |c MON | ||
| 952 | |0 0 |1 0 |4 0 |6 M53 |7 1 |9 43608 |a Arxiu |b Arxiu |d 2016-12-01 |l 0 |o M-5-3 |p 16070 |r 2016-12-01 00:00:00 |w 2016-12-01 |y ARXIU | ||
| 999 | |c 46156 |d 46156 | ||